| 000 | 00568nam a2200181Ia 4500 | ||
|---|---|---|---|
| 003 | GCL | ||
| 008 | 140319s9999 xx 000 0 ara d | ||
| 040 |
_aGCL / _cGCL |
||
| 082 | 0 | 4 |
_a241 _bث ت |
| 100 | 1 | _aثريا منقوش | |
| 245 | 1 | 0 |
_aالتوحيد فى تطورة التاريخى: التوحيد يمانى / _cثريا منقوش |
| 300 | _a168 ص | ||
| 490 |
_aالهيئة العامة للاستعلامات _v0 |
||
| 650 | 0 | 4 | _aالالوهية |
| 650 | 0 | 4 | _aعلم الكلام |
| 650 | 0 | 4 | _aالتوحيد(تصوف اسلامى) |
| 942 |
_2ddc _cBK |
||
| 999 |
_c46997 _d46997 |
||